[Event "Open"]
[Site "Kiel GER"]
[Date "2006.07.27"]
[Round "8"]
[White "Bernhardt,G"]
[Black "Bluebaum,K"]
[Result "1/2-1/2"]
[WhiteElo "1966"]
[BlackElo "2250"]

1.e4 e6 2.d4 d5 3.Nc3 Bb4 4.e5 Ne7 5.a3 Bxc3+ 6.bxc3 c5 7.Qg4 O-O 8.Bd3 f5
9.exf6 Rxf6 10.Bg5 Rf7 11.Qh4 h6 12.Nf3 Nbc6 13.O-O c4 14.Bxe7 Qxe7 15.Qxe7 Rxe7
16.Bg6 Bd7 17.Rfe1 Be8 18.Nh4 e5 19.Rab1 exd4 20.Rxe7 Nxe7 21.Bxe8 Rxe8 22.cxd4 g5
23.Nf3 Nc6 24.Kf1 b6  1/2-1/2

[Event "Czech Open A"]
[Site "Pardubice CZE"]
[Date "2006.07.27"]
[Round "7"]
[White "Ejsmont,K"]
[Black "Andreev,Ed"]
[Result "0-1"]
[WhiteElo "2348"]
[BlackElo "2480"]

1.e4 e6 2.d4 d5 3.Nc3 Bb4 4.e5 Ne7 5.a3 Bxc3+ 6.bxc3 c5 7.Qg4 Kf8 8.h4 Qa5
9.Bd2 Qa4 10.Rh3 Nbc6 11.Nf3 b6 12.Bd3 c4 13.Rg3 g6 14.Be2 Qxc2 15.Qf4 h6
16.Qf6 Rh7 17.h5 g5 18.Nh2 Bd7 19.Ng4 Nf5 20.Rc1 Qb2 21.Nxh6 Rxh6 22.Qxg5 Nce7
23.Rh3 Rh7 24.g4 Nh6 25.Bd1 Neg8 26.Qh4 Qxa3 27.Rf3 Ba4 28.Be2 Qb2 29.Rf6 Nxf6
30.exf6 Ke8 31.g5 Nf5 32.Qf4 Qa3 33.g6 fxg6 34.hxg6 Rh1+ 35.Bf1 Kd7 36.Qf3 Rh4
37.Bh3 Re4+ 38.Kf1 Nxd4 39.Qh5 Kc6 40.g7 Nb3 41.Bh6 Nxc1 42.f7 Ne2 43.Qxe2 Qa1+
44.Kg2 Rxe2 45.g8=Q Rxg8+ 46.fxg8=Q Re1 47.Qc8+ Kb5 48.Be3 Rg1+  0-1

[Event "10th Battle of Senta 1697 Open"]
[Site "Senta SCG"]
[Date "2006.07.27"]
[Round "8"]
[White "Sinka,I"]
[Black "Vranic,L"]
[Result "1/2-1/2"]
[WhiteElo "2336"]
[BlackElo "2190"]

1.d4 e6 2.Nc3 d5 3.e4 Bb4 4.e5 Qd7 5.Qg4 f5 6.Qg3 Nc6 7.Nf3 b6 8.a3 Bxc3+
9.bxc3 Na5 10.a4 a6 11.Ba3 Bb7 12.Qg5 h6 13.Qh4 Qf7 14.Be2 Kd7 15.Ng5 Qg6
16.Nh3 Qh7 17.g4 g5 18.Qh5 f4 19.Bd3 Qg7 20.Ng1 Nc4 21.Nf3 Ne7 22.Ke2 Rag8
23.h4 Bc6 24.Bxe7 Kxe7 25.hxg5 hxg5 26.Bh7 Be8 27.Qh6 Qxh6 28.Rxh6 Rg7 29.Rah1 Bxa4
30.Bg6 Rhg8 31.Bh7  1/2-1/2

[Event "Dutch Open"]
[Site "Dieren NED"]
[Date "2006.07.28"]
[Round "4"]
[White "Drost,P"]
[Black "Heemskerk,W"]
[Result "0-1"]
[WhiteElo "2118"]
[BlackElo "2298"]

1.d4 e6 2.e4 d5 3.Nc3 Bb4 4.e5 Ne7 5.a3 Bxc3+ 6.bxc3 c5 7.Qg4 O-O 8.Bd3 f5
9.exf6 Rxf6 10.Qh5 g6 11.Qd1 Nbc6 12.Nf3 Bd7 13.O-O c4 14.Be2 Qc7 15.g3 Re8
16.Rb1 b6 17.h4 Nc8 18.Nh2 h5 19.Bg5 Rf7 20.g4 Nd6 21.gxh5 Ne4 22.hxg6 Rxf2
23.Rxf2 Nxf2 24.Kxf2 Qxh2+ 25.Ke3 e5 26.Qf1 exd4+ 27.Kd2 Rf8 28.Qxf8+ Kxf8
29.Rf1+ Kg7 30.Rf7+ Kxg6 31.Rxd7 dxc3+ 32.Kxc3 Qh3+ 33.Bd3+ Kh5 34.Rxd5 cxd3
35.Rxd3 Qf5 36.Kb2 b5 37.Kb1 Qc5 38.Be3 Qc4 39.Kb2 Kxh4 40.Rb3 a6 41.Rd3 Kg3
42.Bd2+ Kf2 43.Bc3 Qe4 44.Kb3 a5 45.Kb2 b4 46.axb4 axb4 47.Bd2 Ne5 48.Be3+ Ke2  0-1

[Event "Dutch Open"]
[Site "Dieren NED"]
[Date "2006.07.29"]
[Round "5"]
[White "Pruijssers,R"]
[Black "De Jong,M"]
[Result "1/2-1/2"]
[WhiteElo "2355"]
[BlackElo "2241"]

1.e4 e6 2.d4 d5 3.Nc3 Bb4 4.e5 Ne7 5.a3 Bxc3+ 6.bxc3 b6 7.Ne2 Ba6 8.g3 c5
9.Bh3 Nbc6 10.Nf4 cxd4 11.cxd4 Qc7 12.Be3 Nxe5 13.dxe5 Qc3+ 14.Bd2 Qxe5+
15.Be3 Qc3+  1/2-1/2

[Event "XLVIII TCh-POR"]
[Site "Evora POR"]
[Date "2006.07.29"]
[Round "8"]
[White "Costa,JoaoG"]
[Black "Alho,D"]
[Result "1-0"]
[WhiteElo "2205"]
[BlackElo "2229"]

1.e4 e6 2.d4 d5 3.Nc3 Bb4 4.e5 Qd7 5.Qg4 Bf8 6.Nf3 b6 7.Be2 Ba6 8.O-O Ne7
9.Rd1 Nf5 10.Bxa6 Nxa6 11.Ne2 Be7 12.b3 O-O-O 13.a4 h5 14.Qh3 Rdg8 15.Ng5 Bd8
16.c4 f6 17.Nxe6 Qxe6 18.Nf4 Qc6 19.Qxf5+ Kb8 20.Ng6 fxe5 21.Nxh8 Rxh8 22.dxe5 dxc4
23.bxc4 Qxc4 24.Bg5 Bxg5 25.Qxg5 Nc5 26.a5 Kb7 27.Rdc1 Qd4 28.Qxg7 Re8 29.Qf6 Qxe5
30.a6+ Kc8 31.Qxe5 Rxe5 32.Re1 Rxe1+ 33.Rxe1 Nxa6 34.f4 Nc5 35.f5 Nd7 36.Kf2 a5
37.Ke3 a4 38.Kd4 c6 39.Re6 Kc7 40.f6 b5 41.f7 c5+ 42.Kd3 a3 43.Kc2 c4 44.Re7  1-0

[Event "15th Open A"]
[Site "Vienna AUT"]
[Date "2006.07.29"]
[Round "1"]
[White "Prinzjakowitsch,B"]
[Black "Marjanovic,Slavk"]
[Result "1/2-1/2"]
[WhiteElo "2174"]
[BlackElo "1967"]

1.e4 e6 2.d4 d5 3.Nc3 Bb4 4.e5 Ne7 5.a3 Bxc3+ 6.bxc3 c5 7.Bd3 c4 8.Be2 Qa5
9.Bd2 O-O 10.f4 f6 11.Nf3 Nbc6 12.O-O fxe5 13.fxe5 Bd7 14.Qb1 Qd8 15.a4 b6
16.Qa2 Nf5 17.Ng5 h6 18.Nh3 g5 19.Bc1 Be8 20.Ba3 Rf7 21.Bh5 Rg7 22.Bxe8 Qxe8
23.g4 Nfe7 24.Rf6 Ng6 25.Raf1 Qd7 26.Nf2 Nce7 27.Nh1 Kh7 28.Ng3 Nf4 29.Bxe7 Qxe7
30.Qb2 Rf8 31.Nh5 Rgf7 32.Qb4 Qxb4 33.cxb4 Rxf6 34.Nxf6+ Kg6 35.Kh1 c3 36.Nh5 Rc8
37.Nxf4+ gxf4 38.Rxf4 Rc4 39.Rf6+ Kg7 40.Rxe6 Rxb4 41.Re7+ Kg6 42.Kg2 Rxd4
43.Kg3 Rd2 44.h4 h5 45.Re6+ Kg7 46.gxh5 Rxc2 47.h6+ Kh7 48.Kg4 Rg2+ 49.Kh5 c2
50.Re7+ Kh8 51.Rc7 d4 52.Rc8+ Kh7 53.Rc7+ Kh8 54.Rc8+ Kh7 55.Rc7+  1/2-1/2

[Event "Dutch Open"]
[Site "Dieren NED"]
[Date "2006.08.01"]
[Round "7"]
[White "Pruijssers,R"]
[Black "Heemskerk,W"]
[Result "1/2-1/2"]
[WhiteElo "2355"]
[BlackElo "2298"]

1.e4 e6 2.d4 d5 3.Nc3 Bb4 4.e5 Ne7 5.a3 Bxc3+ 6.bxc3 b6 7.Qg4 Ng6 8.h4 h5
9.Qd1 Qd7 10.Be2 Ba6 11.Bxh5 Qb5 12.Kd2 Nf4 13.Bf3 c5 14.g3 Ng6 15.Ne2 Qa5
16.h5 Ne7 17.Qe1  1/2-1/2

[Event "Dutch Open"]
[Site "Dieren NED"]
[Date "2006.08.02"]
[Round "8"]
[White "Van Delft,M"]
[Black "De Jong,M"]
[Result "1-0"]
[WhiteElo "2382"]
[BlackElo "2241"]

1.e4 e6 2.d4 d5 3.Nc3 Bb4 4.e5 Ne7 5.a3 Bxc3+ 6.bxc3 c5 7.Qg4 O-O 8.Bd3 f5
9.exf6 Rxf6 10.Bg5 Rf7 11.Qh5 g6 12.Qd1 Nbc6 13.Nf3 c4 14.Be2 Qf8 15.a4 h6
16.Bc1 Qg7 17.O-O Bd7 18.Ba3 Nf5 19.Qd2 g5 20.h3 Kh7 21.Nh2 Qg6 22.Qd1 Ng7
23.Bd6 Rg8 24.Ng4 h5 25.Ne5 Nxe5 26.Bxe5 g4 27.hxg4 Nf5 28.g3 hxg4 29.Kg2 Nh6
30.Rh1 Rgf8 31.Bf4 Rxf4 32.gxf4 Qe4+ 33.Kg1 Rxf4 34.Qd2 Kg7 35.a5 Nf7 36.Bf1 Ng5
37.Bg2 Qf5 38.Re1 Be8 39.Qe3 Bg6 40.Rb1 Qxc2 41.Rxb7+  1-0

[Event "15th Open A"]
[Site "Vienna AUT"]
[Date "2006.08.02"]
[Round "5"]
[White "Pichler,A"]
[Black "Marjanovic,Slavk"]
[Result "1/2-1/2"]
[WhiteElo "2072"]
[BlackElo "1967"]

1.e4 e6 2.d4 d5 3.Nc3 Bb4 4.e5 Ne7 5.a3 Bxc3+ 6.bxc3 c5 7.Nf3 Qa5 8.Qd2 Bd7
9.a4 Nbc6 10.Be2 cxd4 11.cxd4 Qxd2+ 12.Bxd2 Nf5 13.c3 Na5 14.O-O Nb3 15.Rab1 Nxd2
16.Nxd2 b6 17.Bb5 Rc8 18.Rb3 Rc7 19.Ra1 O-O 20.g3 Ne7 21.Bxd7 Rxd7 22.a5 bxa5
23.Rxa5 Rc7  1/2-1/2

[Event "MTO Open"]
[Site "Biel SUI"]
[Date "2006.08.03"]
[Round "10"]
[White "Alekseev,Evgeny"]
[Black "Ulibin,M"]
[Result "1/2-1/2"]
[WhiteElo "2644"]
[BlackElo "2489"]

1.e4 e6 2.d4 d5 3.Nc3 Bb4 4.e5 b6 5.a3 Bxc3+ 6.bxc3 Qd7 7.Qg4 f5 8.Qh5+ Qf7
9.Qxf7+ Kxf7 10.c4 Ba6 11.cxd5 exd5 12.Bxa6 Nxa6 13.Ne2 c6 14.h3 h5 15.a4 Nc7
16.Ba3 Ne6 17.Kd2 Ne7 18.Bxe7 Kxe7 19.h4 f4 20.g3 fxg3 21.fxg3 Rh6 22.Raf1 Rg6
23.Rf3 Rg4 24.c3 Rf8 25.Rxf8 Kxf8 26.Rf1+ Ke7 27.Kd3 c5 28.Rb1 Kd7 29.a5 Kc6
30.axb6 axb6 31.Rf1 b5 32.Rf7 b4 33.Re7 Rg6 34.cxb4 Nxd4 35.Nxd4+ cxd4 36.b5+ Kxb5
37.Rc7 Rg4 38.e6 Kb6 39.Rc8 Re4 40.e7 Rxe7 41.Kxd4  1/2-1/2

[Event "FSIMB August"]
[Site "Budapest HUN"]
[Date "2006.08.05"]
[Round "1"]
[White "Mihok,O"]
[Black "Natsidis,C"]
[Result "1/2-1/2"]
[WhiteElo "2223"]
[BlackElo "2182"]

1.e4 e6 2.d4 d5 3.Nc3 Bb4 4.e5 Ne7 5.a3 Bxc3+ 6.bxc3 c5 7.Qg4 O-O 8.Bd3 Qc7
9.Bd2 cxd4 10.cxd4 b6 11.Qh5 Ng6 12.Nf3 Ba6 13.Ng5 h6 14.Nxe6 fxe6 15.Qxg6 Bxd3
16.Qxd3 Nc6 17.O-O Rac8 18.f4 Ne7 19.Bb4 Rf7 20.c3 a5 21.Bxe7 Rxe7 22.Rac1 Qc4
23.Qh3 Rf8 24.f5 exf5 25.Rxf5 Rxf5 26.Qxf5 Rf7 27.Qc2 b5 28.h3 b4 29.axb4 axb4
30.Qa4 Rc7 31.e6 bxc3 32.Qxc4 Rxc4 33.Kf2 Kf8 34.Ke3 Ke7 35.Kd3 c2 36.Rxc2 Rxc2
37.Kxc2 Kxe6 38.Kd3 Kf5 39.Ke3 h5 40.g3 g5  1/2-1/2

[Event "FSIMA August"]
[Site "Budapest HUN"]
[Date "2006.08.05"]
[Round "1"]
[White "Lengyel,B"]
[Black "Rudolf,An"]
[Result "1-0"]
[WhiteElo "2339"]
[BlackElo "2249"]

1.e4 e6 2.d4 d5 3.Nc3 Bb4 4.e5 Ne7 5.Bd2 b6 6.Nf3 Ba6 7.Nb5 Bxd2+ 8.Qxd2 O-O
9.Bd3 c6 10.Nd6 Bxd3 11.Qxd3 f6 12.O-O-O Nd7 13.Rhe1 Ng6 14.Qc3 fxe5 15.dxe5 c5
16.Rd2 a6 17.a3 Ra7 18.Qe3 Nf4 19.Rg1 Rc7 20.h4 Qe7 21.h5 Nxh5 22.Qg5 Qxg5
23.Nxg5 Nf4 24.g3 h6 25.gxf4 hxg5 26.Rxg5 Rxf4 27.Ne8 Rc8 28.Rxg7+ Kf8 29.Rxd7 Kxe8
30.Rd6 Ke7 31.Rxb6 a5 32.Rb7+ Ke8 33.f3 c4 34.Rh2 c3 35.bxc3 Rxc3 36.Rh8+  1-0

[Event "FSIMB August"]
[Site "Budapest HUN"]
[Date "2006.08.11"]
[Round "7"]
[White "Nagy,Ben"]
[Black "Natsidis,C"]
[Result "1-0"]
[WhiteElo "2355"]
[BlackElo "2182"]

1.e4 e6 2.d4 d5 3.Nc3 Bb4 4.e5 Ne7 5.a3 Bxc3+ 6.bxc3 c5 7.Nf3 Bd7 8.a4 Qa5
9.Qd2 c4 10.Ba3 Bxa4 11.Bb4 Qb5 12.Bxe7 Kxe7 13.Qg5+ Ke8 14.Qxg7 Rf8 15.Qxh7 Qb2
16.Rxa4 b5 17.Kd2 bxa4 18.Ng5 Nc6 19.Be2 Kd7 20.Nxe6 Rfe8 21.Qxf7+ Re7 22.Nc5+ Kc7
23.Qxd5 a3 24.Qd6+  1-0

[Event "Independence Cup A"]
[Site "Kyiv UKR"]
[Date "2006.08.15"]
[Round "3"]
[White "Goncharov,O"]
[Black "Poluektov,Y2"]
[Result "1-0"]
[WhiteElo "2193"]
[BlackElo "2365"]

1.e4 e6 2.d4 d5 3.Nc3 Bb4 4.e5 b6 5.a3 Bf8 6.Nf3 Qd7 7.b4 c6 8.Rb1 Ne7 9.Bd3 Ba6
10.Bxa6 Nxa6 11.Qd3 Nc7 12.Ne2 Qc8 13.O-O Qa6 14.Bg5 Qxd3 15.cxd3 Kd7 16.Rfc1 h6
17.Bd2 f5 18.h4 g6 19.a4 Bg7 20.Rb2 Rhc8 21.Rbc2 Bf8 22.Nf4 a6 23.Kf1 Bg7
24.Ke2 Ra7 25.Rg1 Ke8 26.g4 Kf7 27.gxf5 exf5 28.Rgc1 Ne8 29.b5 a5 30.bxc6 Rac7
31.e6+ Kg8 32.Ne5 Bxe5 33.dxe5 Nxc6 34.Nxd5 Nd4+ 35.Kd1 Nxc2 36.Nxc7 Nd4
37.Nd5 Rd8 38.Ne7+ Kh7 39.Rc8 Rxc8 40.Nxc8 b5 41.axb5 Nxb5 42.e7 Kg7 43.Bxa5 Kf7
44.Bb4 Nbc7 45.Nb6 Ne6 46.Kd2 Nd4 47.Kc3 Nc6 48.d4 Nxb4 49.Kxb4 Kxe7 50.f4 Ng7
51.d5 Nh5 52.d6+ Ke6 53.Nd5 Ng3 54.Kc5 Kd7 55.Nf6+ Ke6 56.Kc6  1-0

[Event "FSIMA August"]
[Site "Budapest HUN"]
[Date "2006.08.16"]
[Round "12"]
[White "To Nhat Minh"]
[Black "Rudolf,An"]
[Result "1-0"]
[WhiteElo "2234"]
[BlackElo "2249"]

1.e4 e6 2.d4 d5 3.Nc3 Bb4 4.e5 Ne7 5.a3 Bxc3+ 6.bxc3 c5 7.Qg4 O-O 8.Bd3 f5
9.exf6 Rxf6 10.Bg5 Rf7 11.Qh5 g6 12.Qd1 Qa5 13.Bd2 Nbc6 14.Nf3 Qc7 15.dxc5 e5
16.c4 e4 17.Ng5 Rf8 18.Be2 Qe5 19.cxd5 Nxd5 20.Bc4 e3 21.O-O exf2+ 22.Kh1 Ne7
23.Nf3 Qe4 24.Bd3 Qa4 25.Qe2 Bg4 26.Rxf2 Rf7 27.c4 Nf6 28.Bc3 Qc6 29.Qe5 Bxf3
30.Rxf3 Kg7 31.Be4 Qa6 32.Bxb7 Qxb7 33.Rxf6 Raf8 34.Rb6+ Kh6 35.Bd2+  1-0

[Event "Lichtenberger Sommer"]
[Site "Berlin GER"]
[Date "2006.08.20"]
[Round "2"]
[White "Richter,Go"]
[Black "Fruebing,T"]
[Result "0-1"]
[WhiteElo "2079"]
[BlackElo "2247"]

1.e4 e6 2.d4 d5 3.Nc3 Bb4 4.e5 Ne7 5.a3 Bxc3+ 6.bxc3 b6 7.Qg4 Ng6 8.h4 h5
9.Qd1 Ba6 10.Bd3 Bxd3 11.cxd3 c5 12.Nf3 Nc6 13.a4 f6 14.exf6 Qxf6 15.Bg5 Qf5
16.O-O O-O 17.Qe2 Rae8 18.dxc5 bxc5 19.Rab1 Qg4 20.Rb5 Nge5 21.Qxe5 Nxe5
22.Nxe5 Qe2 23.Ng6 Qxd3 24.Nxf8 Rxf8 25.Rxc5 Rb8 26.Bf4 Rb1 27.Rc8+ Kh7 28.Rxb1 Qxb1+
29.Kh2 Qe4 30.g3 Qxa4 31.Rc7 Kg6 32.Be5 Kf5 33.Bxg7 Qa2 34.Bd4 a5 35.Rf7+ Ke4
36.Rf6 a4 37.Rxe6+ Kd3 38.Ra6 Qb3 39.Bc5 Qc4  0-1

[Event "23rd Open"]
[Site "Collado Villalba ESP"]
[Date "2006.08.21"]
[Round "3"]
[White "Semprun Martinez,F"]
[Black "Elissalt Cardenas,H"]
[Result "0-1"]
[WhiteElo "2166"]
[BlackElo "2329"]

1.e4 e6 2.d4 d5 3.Nc3 Bb4 4.e5 Qd7 5.a3 Bf8 6.Nf3 b6 7.Bb5 c6 8.Ba4 a5 9.Ne2 Ba6
10.c3 Ne7 11.O-O Bb5 12.Bxb5 cxb5 13.Qd3 Qc6 14.Ng5 h6 15.Nh3 Na6 16.Qf3 Nc7
17.Bd2 Qc4 18.Nhf4 g6 19.h4 Nf5 20.g3 Be7 21.h5 g5 22.Ng2 Rf8 23.Ne3 Qd3
24.Rad1 Nxe3 25.Bxe3 Qc2 26.Rd2 Qf5 27.Kg2 Qxf3+ 28.Kxf3 f6 29.exf6 Rxf6+
30.Kg4 Kd7 31.Nc1 Bd6 32.Nd3 Raf8 33.Ne5+ Bxe5 34.dxe5 Rf5 35.Bxb6 Rxe5 36.Bxa5 Ne8
37.Kh3 Rf3 38.Kg2 g4 39.Bb6 Rxh5 40.Be3 Nd6 41.Rd4 Nf5 42.Rxg4 Rxe3 43.Rb4 Rd3
44.Rxb5 Nd6 45.Rb4 Ne4 46.a4 Rf5 47.a5 Rdf3 48.a6 Rxf2+ 49.Rxf2 Rxf2+ 50.Kh3 Rf1
51.Rb7+ Kd6 52.a7 Ra1 53.Kg4 Nf6+ 54.Kf4 Nd7  0-1

[Event "9th Open"]
[Site "Banyoles ESP"]
[Date "2006.08.22"]
[Round "7"]
[White "Kristiansen,J"]
[Black "Vilar Lopez,M"]
[Result "1-0"]
[WhiteElo "2425"]
[BlackElo "2193"]

1.e4 e6 2.d4 d5 3.Nc3 Bb4 4.e5 Ne7 5.a3 Bxc3+ 6.bxc3 c5 7.Nf3 Qc7 8.a4 b6
9.Bb5+ Bd7 10.Bd3 Nbc6 11.O-O h6 12.Re1 c4 13.Bf1 O-O-O 14.g3 g5 15.h4 gxh4
16.Nxh4 Rdg8 17.Bh3 Ng6 18.Ng2 Qd8 19.Qh5 Kb7 20.Kh2 f5 21.exf6 Qxf6 22.Nf4 Nxf4
23.Bxf4 Rg5 24.Qe2 h5 25.Bxg5 Qxg5 26.Qe3 Qg6 27.Re2 h4 28.g4 Rf8 29.f4 Qh6
30.g5 Qh5 31.Rf1 Nd8 32.Rff2 Re8 33.a5 Nf7 34.axb6 axb6 35.Qf3 Qh7 36.Qg2 Qg8
37.f5 Nxg5 38.fxe6 Bc6 39.e7 Qg6 40.Re5  1-0

[Event "Lichtenberger Sommer"]
[Site "Berlin GER"]
[Date "2006.08.23"]
[Round "5"]
[White "Fruebing,T"]
[Black "Tchetchelnitski,B"]
[Result "1-0"]
[WhiteElo "2247"]
[BlackElo "2204"]

1.e4 e6 2.d4 d5 3.Nc3 Bb4 4.e5 Ne7 5.Bd2 c5 6.Nb5 Bxd2+ 7.Qxd2 O-O 8.c3 b6
9.f4 Nf5 10.Nf3 Bd7 11.Bd3 a6 12.Na3 Nc6 13.Bxf5 exf5 14.dxc5 bxc5 15.Qxd5 Ne7
16.Qxc5 Rc8 17.Qd4 Qe8 18.O-O Bc6 19.Nc4 Rc7 20.Nd6 Qb8 21.Rf2 Bxf3 22.gxf3 g6
23.Rd1 Nc6 24.Qe3 Nd8 25.Rg2 Kh8 26.Rd4 Qb6 27.Re2 Ne6 28.Rb4 Qa5 29.b3 Kg8
30.Kf2 Qd5 31.Rd2 Qa8 32.Ke1 Rd8 33.Kd1 a5 34.Ra4 Qa6 35.Kc2 Rc5 36.Kb2 Qc6
37.Rc4 Rxc4 38.Nxc4 Rb8 39.Kc2 a4 40.Rd6 axb3+ 41.axb3 Qb5 42.Rb6 Rxb6 43.Qxb6 Qd5
44.Qe3 Qb5 45.Nd2 h5 46.Nc4 Nc5 47.Nd2 Ne6 48.b4 Qa4+ 49.Kb2 Kg7 50.Nb3 Nc7
51.Qb6 Nd5 52.Qd4 Qc6 53.e6+ f6 54.Nc5 Kh6 55.Kb3 g5 56.fxg5+ Kxg5 57.e7 Nxe7
58.Qe3+ f4 59.Qxe7 Qd5+ 60.Ka3 Qxf3 61.Ne4+ Kg4 62.Qe6+ f5 63.Qg6+ Kh4 64.Qg5+ Kh3
65.Qxf5+ Kxh2 66.b5 Qg4 67.Qxg4 hxg4 68.b6 g3 69.Nxg3  1-0

[Event "9th Open"]
[Site "Banyoles ESP"]
[Date "2006.08.24"]
[Round "9"]
[White "Swinkels,R"]
[Black "Sermier,G"]
[Result "0-1"]
[WhiteElo "2286"]
[BlackElo "2368"]

1.e4 e6 2.d4 d5 3.Nc3 Bb4 4.e5 Ne7 5.a3 Bxc3+ 6.bxc3 c5 7.Qg4 O-O 8.Bd3 Nbc6
9.Qh5 Ng6 10.Nf3 Qc7 11.Be3 c4 12.Bxg6 fxg6 13.Qg4 Qf7 14.Kd2 Qf5 15.Qg3 b5
16.h4 Bd7 17.Rh3 a5 18.Qh2 b4 19.Ne1 bxc3+ 20.Kxc3 Na7 21.f3 Ba4 22.Kd2 Nb5
23.g4 Qf7 24.f4 c3+ 25.Kd1 Rac8 26.Nd3 Rc4 27.Qg1 Qe7 28.Nc5 Rxc5 29.dxc5 d4
30.Bc1 Qxc5 31.Rd3 Qc4 32.Qf1 Bxc2+ 33.Kxc2 Qa4+  0-1

[Event "Open"]
[Site "Brasschaat BEL"]
[Date "2006.08.24"]
[Round "6"]
[White "Minyeyevtsev,S"]
[Black "Duhayon,Y"]
[Result "1/2-1/2"]
[WhiteElo "2209"]
[BlackElo "2263"]

1.e4 e6 2.d4 d5 3.Nc3 Bb4 4.e5 Qd7 5.f4 b6 6.Nf3 Ne7 7.Bd2 Ba6 8.Bxa6 Nxa6
9.Qe2 Bxc3 10.Bxc3 Nb8 11.O-O c5 12.b3 Nbc6 13.Rfd1 O-O 14.Bb2 cxd4 15.Nxd4  1/2-1/2

[Event "VII Open"]
[Site "Tarragona ESP"]
[Date "2006.08.25"]
[Round "7"]
[White "Spraggett,K"]
[Black "Rahal,M"]
[Result "1-0"]
[WhiteElo "2577"]
[BlackElo "2390"]

1.e4 e6 2.d4 d5 3.Nc3 Bb4 4.e5 Ne7 5.a3 Bxc3+ 6.bxc3 c5 7.Nf3 b6 8.Bb5+ Bd7
9.Bd3 c4 10.Bf1 Ba4 11.h4 h6 12.h5 Kd7 13.g3 Qg8 14.Bh3 Qh7 15.Ra2 Na6 16.O-O Nc7
17.Nh4 Raf8 18.Ng2 Kc8 19.Kh2 Kb7 20.Ne3 a5 21.Qe2 Ka7 22.Bd2 Rhg8 23.Rc1 b5
24.Rf1 Re8 25.Be1 Ka6 26.Rb2 Nc6 27.Bg2 Ne7 28.Rb1 Nf5 29.Ng4 Rh8 30.Rc1 Rhf8
31.Bh3 Rg8 32.f3 Rgf8 33.Rd1 Rg8 34.Rd2 Rgf8 35.Kg2 Rg8 36.Rf2 Rh8 37.Kh2 Qg8
38.Qd1 Qh7 39.Rde2 Rhf8 40.Qd2 Rh8 41.f4 Rhf8 42.Rg2 Rg8 43.Nf2 Ne7 44.Nh1 g6
45.Bg4 Rg7 46.Nf2 Reg8 47.Nh3 Kb6 48.Bf3 Ka6 49.hxg6 fxg6 50.Nf2 g5 51.Ng4 Qf5
52.Kg1 Rh8 53.Ref2 h5 54.Ne3 Qg6 55.fxg5 Qxg5 56.Bd1 h4 57.g4 h3 58.Rg3 Ng6
59.Nxd5  1-0

[Event "VIII Open"]
[Site "Sants ESP"]
[Date "2006.09.03"]
[Round "10"]
[White "Lopez Martinez,J"]
[Black "Moskalenko,V"]
[Result "1-0"]
[WhiteElo "2480"]
[BlackElo "2543"]

1.e4 e6 2.d4 d5 3.Nc3 Bb4 4.e5 b6 5.a3 Bf8 6.Nf3 c5 7.Bg5 Qd7 8.Bb5 Nc6 9.Ba4 a6
10.dxc5 b5 11.Bb3 Bxc5 12.Qe2 h6 13.Bf4 Nge7 14.O-O-O Qa7 15.g4 Bb7 16.Rhf1 Rc8
17.Kb1 Na5 18.Be3 Bxe3 19.fxe3 Nc4 20.Bxc4 Rxc4 21.Nd4 Qb8 22.Qf3 O-O 23.g5 hxg5
24.h4 gxh4 25.Qh5 Rxd4 26.exd4 Nf5 27.Rxf5 exf5 28.Rh1 f6 29.Rxh4 fxe5 30.Qh7+ Kf7
31.Qxf5+ Ke7 32.Qg5+ Kf7 33.Rg4 Ke6 34.Qxg7 Rf7 35.Rg6+ Ke7 36.Qh6 exd4 37.Qg5+ Kd7
38.Nxd5  1-0

[Event "TCh-ESP Honor Gp1"]
[Site "Olite ESP"]
[Date "2006.09.06"]
[Round "1"]
[White "Martin Perez,J"]
[Black "Rustemov,A"]
[Result "0-1"]
[WhiteElo "2280"]
[BlackElo "2565"]

1.e4 e6 2.d4 d5 3.Nc3 Bb4 4.e5 Ne7 5.a3 Bxc3+ 6.bxc3 b6 7.Nf3 c5 8.Bb5+ Bd7
9.Be2 Ba4 10.O-O Nd7 11.c4 dxc4 12.Bxc4 h6 13.Bb2 O-O 14.Qe2 Qc7 15.c3 Rfd8
16.Rfe1 Bc6 17.Ba2 Qb7 18.Rad1 Rac8 19.Bb1 Nf8 20.Qd3 Rd7 21.Re2 Nf5 22.Ne1 Rcd8
23.Qh3 cxd4 24.Bxf5 dxc3 25.Rxd7 Rxd7 26.Bxc3 exf5 27.Qxf5 Ne6 28.Rd2 Rxd2
29.Bxd2 Be4 30.Qg4 Qd5 31.Bxh6 Qxe5 32.Be3 Qc3 33.Qe2 Bc6 34.f4 Qxa3 35.f5 Nc5
36.f6 g6 37.Nc2 Qb2 38.Nd4 Qb1+ 39.Qf1 Qe4 40.Nxc6 Qxc6 41.Qf4 Nd7 42.Bd4 Qd5
43.h4 Nf8 44.Bb2 Qd8 45.Qf3 Qd2 46.Ba3 Qe1+ 47.Kh2 Qxh4+ 48.Kg1 Qd4+ 49.Kh1 Qa1+
50.Kh2 Qe5+ 51.Kg1 Qb8 52.Bxf8 Qxf8 53.Qb7 Qc5+ 54.Kh1 Qc1+ 55.Kh2 Qf4+ 56.Kh3 Qxf6
57.Qxa7 Qb2  0-1

[Event "EU-chB16"]
[Site "Herceg Novi MNE"]
[Date "2006.09.12"]
[Round "3"]
[White "Kravtsiv,M"]
[Black "Leniart,A"]
[Result "1/2-1/2"]
[WhiteElo "2450"]
[BlackElo "2348"]

1.e4 e6 2.d4 d5 3.Nc3 Bb4 4.e5 Ne7 5.a3 Bxc3+ 6.bxc3 c5 7.Nf3 Nbc6 8.a4 Qa5
9.Qd2 Bd7 10.Bd3 f6 11.Ba3 fxe5 12.dxe5 O-O-O 13.O-O Rdf8 14.Bb5 Ng6 15.Bxc5 Rxf3
16.gxf3 Ncxe5 17.Qe3 Qc7 18.Bxa7 Rf8 19.Bb6 Nxf3+ 20.Qxf3 Rxf3 21.Bxc7 Bxb5
22.axb5 Kxc7 23.Ra3 Kb6 24.Re1 e5 25.Rb3 Rf8 26.Ra1 Nh4 27.Rb4 Nf3+ 28.Kg2 e4
29.Rd1 Rf5 30.h3 h5 31.Rb2 g5 32.Rb4 g4 33.hxg4 Rg5 34.Kh3 Rxg4 35.Rxd5 Ng1+
36.Kh2 Nf3+ 37.Kh3 Rf4 38.Kg3 Rg4+ 39.Kh3  1/2-1/2

[Event "EU-chB16"]
[Site "Herceg Novi MNE"]
[Date "2006.09.14"]
[Round "5"]
[White "Chirila,I"]
[Black "Leniart,A"]
[Result "1-0"]
[WhiteElo "2292"]
[BlackElo "2348"]

1.e4 e6 2.d4 d5 3.Nc3 Bb4 4.e5 Ne7 5.a3 Bxc3+ 6.bxc3 c5 7.h4 Nbc6 8.h5 Qa5
9.Bd2 Qa4 10.Nf3 cxd4 11.Rh4 Nf5 12.Rf4 f6 13.exf6 gxf6 14.Bd3 e5 15.Rxf5 Bxf5
16.Bxf5 Ne7 17.Bh3 dxc3 18.Bxc3 d4 19.Bb4 Nd5 20.c4 Qxd1+ 21.Rxd1 Nf4 22.Bf5 Nxg2+
23.Kf1 Nf4 24.h6 Kf7 25.Nd2 a5 26.Bd6 Rhd8 27.Ne4 Ne6 28.Rb1 Ra7 29.Rb6 Re8
30.Bxh7 d3 31.Nd2 Rh8 32.Bxd3 Rxh6 33.Be4 Rh4 34.Bd5  1-0

[Event "EU-chB16"]
[Site "Herceg Novi MNE"]
[Date "2006.09.14"]
[Round "5"]
[White "Hovhannisyan,R"]
[Black "Martinovic,Sa"]
[Result "1-0"]
[WhiteElo "2285"]
[BlackElo "2367"]

1.e4 e6 2.d4 d5 3.Nc3 Bb4 4.e5 Ne7 5.a3 Bxc3+ 6.bxc3 c5 7.h4 Qc7 8.Nf3 Bd7
9.h5 h6 10.Rh4 Qa5 11.Bd2 c4 12.Rg4 Nf5 13.Nh4 Nxh4 14.Rxh4 Ba4 15.Rg4 Rh7
16.Qf3 Bxc2 17.Qg3 Nd7 18.Rxg7 O-O-O 19.Rxh7 Bxh7 20.Qg7 Bf5 21.g4 Be4 22.Qxf7 Qb6
23.Qe7 Rf8 24.Qb4 Qd8 25.Bxh6 Rf7 26.g5 Rf4 27.Ra2 Rh4 28.Rb2 b6 29.Be2 Rh1+
30.Kd2 Nc5 31.Qb5 Nd3 32.Qc6+ Kb8 33.Bxd3 cxd3 34.Qxe6 Rh2 35.Qf7 Rh3 36.e6 Rf3
37.e7 Qxe7 38.Qxe7 Rxf2+ 39.Ke1 Rxb2 40.g6 Re2+ 41.Kd1  1-0

[Event "Glassy Stream Masters"]
[Site "Kharkiv UKR"]
[Date "2006.09.22"]
[Round "1"]
[White "Vedmediuc,S"]
[Black "Poluektov,Y2"]
[Result "1-0"]
[WhiteElo "2359"]
[BlackElo "2365"]

1.e4 e6 2.d4 d5 3.Nc3 Bb4 4.e5 b6 5.Qg4 Bf8 6.Nf3 Qd7 7.a4 Nc6 8.Bd2 Bb7
9.Nd1 O-O-O 10.a5 f5 11.Qf4 h6 12.axb6 cxb6 13.Bb5 Kb8 14.h4 g5 15.Qe3 f4
16.Qd3 g4 17.Nh2 g3 18.Nf3 gxf2+ 19.Nxf2 Qg7 20.Bxf4 Nge7 21.Bd2 Nf5 22.c3 Ng3
23.Rg1 Na5 24.Bf4 Ne4 25.Qe3 Nb3 26.Ra2 Be7 27.Bd3 Nxf2 28.Kxf2 Rdf8 29.g3 Rf7
30.Ke2 Qg4 31.Kd1 Na5 32.Kc2 Nc4 33.Qf2 Rhf8 34.b3 Na5 35.Qe3 Rc8 36.Kb2 Bf8
37.Be2 Qg7 38.h5 Rfc7 39.Rc1 Bb4 40.cxb4 Rxc1 41.Bd3 Nxb3 42.Ra3 a5 43.Rxb3 a4
44.Ra3 Ba6 45.Rxa4 Bxd3 46.Qxd3 R1c2+ 47.Qxc2 Rxc2+ 48.Kxc2 Qh7+ 49.Kb2 Qf5
50.Ra3 Qxh5 51.Rc3 Kb7 52.Ne1 Qe2+ 53.Nc2 h5 54.Bh6 Qf2 55.Bg5 Qf7 56.Bd8 Qe8
57.Bc7 Qg6 58.Bd6 Ka6 59.Kb3 Qg4 60.Be7 Qd1 61.Kb2 Qg4 62.Bd8 Qg8 63.Bh4 Qg4
64.Rc6 Kb5 65.Rd6 Qh3 66.Kb3 Qf1 67.Rxe6 Qc4+ 68.Kb2 Ka4 69.Rf6 Qb3+ 70.Kc1 Qc3
71.Rf2 b5 72.Re2 Qb2+ 73.Kd2 Qc3+ 74.Kd1 Qf3 75.e6 Qf1+ 76.Kd2 Kb3 77.e7 Kb2
78.e8=Q Qc1+ 79.Kd3 Kb3 80.Qc6 Qd1+ 81.Ke3 Qg1+ 82.Kd2  1-0

[Event "15th TCh-CRO"]
[Site "Sibenik CRO"]
[Date "2006.09.23"]
[Round "2"]
[White "Zivkovic,Vj"]
[Black "Glavas,D"]
[Result "1-0"]
[WhiteElo "2407"]
[BlackElo "2337"]

1.e4 e6 2.d4 d5 3.Nc3 Bb4 4.e5 Ne7 5.a3 Bxc3+ 6.bxc3 c5 7.Qg4 Kf8 8.Bd2 Nbc6
9.Nf3 Qb6 10.Bd3 c4 11.Be2 Qb2 12.Rc1 Qxa3 13.O-O Qa5 14.Ra1 Qd8 15.Bc1 Ng6
16.h4 h5 17.Qh3 Nce7 18.g3 Nf5 19.Ba3+ Ke8 20.Rfb1 a5 21.Qf1 f6 22.Qd1 fxe5
23.dxe5 Qc7 24.Bd6 Nxd6 25.exd6 Qxd6 26.Bxc4 Ke7 27.Bd3 Ne5 28.Ng5 Ng4 29.Be2 Ne3
30.Qd2 Nf5 31.Bd3 Rf8 32.Nh7 Rf7 33.Qg5+ Kd7 34.Bb5+ Kc7 35.Be8 Re7 36.Bxh5 Bd7
37.Bg6 Bc6 38.Re1 Nh6 39.Re5 Nf7 40.Bxf7 Rxf7 41.Qe3 d4 42.Qxd4 Qxd4 43.cxd4 a4
44.Ng5 Re7 45.c4 Kd6 46.Ra3 b6 47.f4 Ra5 48.Kf2 Rxe5 49.fxe5+ Kc7 50.Ke3 b5
51.cxb5 Bxb5 52.Ne4 Kb6 53.Nc3 Ka5 54.d5  1-0

[Event "15th TCh-CRO"]
[Site "Sibenik CRO"]
[Date "2006.09.24"]
[Round "3"]
[White "Rogulj,B"]
[Black "Martinovic,Sa"]
[Result "0-1"]
[WhiteElo "2413"]
[BlackElo "2367"]

1.e4 e6 2.d4 d5 3.Nc3 Bb4 4.e5 Ne7 5.a3 Bxc3+ 6.bxc3 c5 7.f4 Qa5 8.Qd2 b6
9.dxc5 bxc5 10.c4 Qxd2+ 11.Bxd2 Ba6 12.cxd5 Bxf1 13.Kxf1 exd5 14.Nf3 Nbc6
15.Rb1 O-O 16.Rb5 c4 17.Rc5 Rab8 18.Ke2 Rb2 19.Rc1 Rfb8 20.f5 R2b5 21.Rxb5 Rxb5
22.a4 Rb8 23.f6 Ng6 24.Bc3 Ncxe5 25.Nxe5 Nxe5 26.fxg7 f6 27.Rd1 Rd8 28.Ke3 Kxg7
29.Kd4 Kf7 30.Kc5 Ke6 31.a5 Rc8+ 32.Kb5 Rb8+ 33.Ka6 Nc6 34.Re1+ Kd6 35.Rf1 d4
36.Rxf6+ Kd5 37.Be1 Rb1 38.Bg3 c3 39.Rf5+ Kc4 40.Bd6 Nb4+ 41.Bxb4 Rxb4 42.Kxa7 Rb2
43.Rf2 Rxc2 44.Rxc2 d3 45.Rxc3+ Kxc3 46.a6 d2 47.Kb8 d1=Q 48.a7 Qd8+ 49.Kb7 Qd7+
50.Kb8 Qb5+  0-1